00518nam a22001697a 4500003000500000005001700005008004100022010001000063011001000073035001000083040000900093100002100102245011400123260006200237300001000299650003900309CHAP20220329134055.0971013s r 00010 d a15016 a15988 a20066 cCHAP00aHerrera, Felipe. aOcho años de labor; discursos ... en la 9a. Reunión anual de la Asamblea de Gobernadores , Bogotá, 1968 aWashington :bBanco Interamericano de Desarrollo,c(s.a.) a62 p.14aBanco Interamericano de Desarrollo